EU4 - Provinces of the British Isles - Statistics

General Stats
  • This quiz has been taken 31 times
  • The average score is 36 of 56
Answers on the Map
Answers color-coded by a green-red scale on the quiz's map according to % correct below.
 
Answer Stats
Province % Correct
Cornwall
100%
London
95%
Devon
91%
Essex
91%
Kent
91%
Ulster
91%
Hull
86%
Sussex
86%
York
86%
Aberdeen
82%
Gloucester
82%
Hampshire
82%
Inverness
82%
Norfolk
82%
Oxford
82%
Somerset
82%
Cork
77%
Cumbria
77%
Leinster
77%
Northumberland
77%
Sligo
77%
Pale
73%
Derby
68%
Donegal
68%
Dorset
68%
Lincolnshire
68%
Lothian
68%
Mann
68%
Perth
68%
Ayrshire
64%
Dumfries
64%
Kildare
64%
Orkney
64%
Outer Hebrides
64%
Sheffield
64%
Tyrone
64%
Chester
59%
Connaught
59%
Inner Hebrides
59%
Lancashire
59%
Leicester
59%
Argyll
55%
Limerick
55%
Scarborough
55%
Desmond
50%
Coventry
45%
Glamorgan
45%
Ormond
45%
Gwynedd
36%
Sutherland
36%
Midlands
32%
Bedfordshire
27%
Shrewsbury
27%
Carmarthen
23%
Montgomery
23%
Roxburghshire
5%
No matching quizzes found
Score Distribution
Percent of People with Each Score
Percentile by Number Answered
Your Score History
You have not taken this quiz